Sports Quiz

Random Sports or NFL Quiz

Final NFL Standings (2011) Quiz Stats

Quiz not verified by Sporcle

Also try: Find the NBA Teams
Challenge
Share
Tweet
Embed
Score 0/32 Timer 03:00
0 Plays Today
Division Team % Correct
AFC EastNew England Patriots
100%
NFC SouthAtlanta Falcons
96.9%
AFC NorthPittsburgh Steelers
96%
AFC NorthBaltimore Ravens
94.2%
AFC EastNew York Jets
93.8%
NFC NorthChicago Bears
92.9%
NFC SouthNew Orleans Saints
91.6%
NFC East Philadelphia Eagles
87.2%
NFC North Green Bay Packers
85.8%
AFC SouthIndianapolis Colts
85.4%
AFC WestKansas City Chiefs
81.4%
NFC East New York Giants
81%
NFC SouthTampa Bay Buccaneers
76.1%
AFC WestSan Diego Chargers
75.2%
NFC WestSeattle Seahawks
72.6%
AFC SouthJacksonville Jaguars
70.8%
Division Team % Correct
AFC West Oakland Raiders
70.4%
NFC West St. Louis Rams
70.4%
AFC EastMiami Dolphins
66.4%
NFC East Dallas Cowboys
61.9%
NFC NorthDeroit Lions
59.7%
NFC NorthMinnesota Vikings
57.1%
NFC WestSan Francisco 49ers
52.2%
AFC SouthTennessee Titans
48.2%
NFC EastWashington Redskins
45.6%
AFC North Cleveland Browns
43.8%
AFC EastBuffalo Bills
37.6%
NFC WestArizona Cardinals
37.2%
AFC WestDenver Broncos
32.3%
NFC SouthCarolina Panthers
31.9%
AFC NorthCincinnati Bengals
31%
AFC SouthHouston Texans
17.7%

You're not logged in!

Compare scores with friends on all Sporcle quizzes.
Join for Free
OR
Log In

You Might Also Like...

Show Comments

Extras

Created Jan 16, 2011ReportNominate
Tags:NFL Quiz, 2011, division, final, record, team

Top Quizzes Today


Score Distribution

Your Account Isn't Verified!

In order to create a playlist on Sporcle, you need to verify the email address you used during registration. Go to your Sporcle Settings to finish the process.

Report this User

Report this user for behavior that violates our Community Guidelines.

Details: